000 00296nam a22001217a 4500
008 160505b xxu||||| |||| 00| 0 eng d
020 _a9780815123866
020 _a0815123868
041 _aeng
080 _a612.39
245 _aMedical assistant:
_c De A.Eggerrs; Anne M.Conway;
942 _2udc
_cBK
999 _c1799
_d1799